000 00666nam a2200229 u 4500
005 20220916063648.0
008 180925s1986 es r 000 0 spa d
020 _a8426122361
035 _aUPN01000226846
049 _aI
050 4 _aPZ76.3
_bS6.4
100 1 _aSolís, Valerie
_935559
245 1 0 _aBarnaby :
_bla aventura de un ratón /
_cValerie Solís.
260 _aBarcelona, Esp. :
_bJuventud,
_c1986.
300 _a[24] p.
_bil. col.
440 0 _aCuadrada
650 4 _aRATONES -
_vLITERATURA INFANTIL
_910248
650 4 _aCuentos infantiles
_96744
650 7 _aLibros ilustrados para niños
_2
_921365
905 _aInfantil
999 _c198942
_d198942